000 02505nam0a2200361 4500
001 RU\NLR\BIBL_A\022634070
005 20260205102541.0
010 _a978-5-9228-2737-9
021 _aRU
_bКН-П-25-047656
_9КН-П-25-4623
035 _a(NLR Aleph) 022634070
090 _a13547117
_c13547117
100 _a20251001d2023 u y0rusy50 ca
101 0 _arus
_alao
102 _aRU
105 _ay j 000yy
181 0 _ai
_baxxe
182 0 _an
200 1 _aЛаосский язык
_eобщественно-политический перевод по материалам СМИ Лаоса
_eучебное пособие
_eдля студентов факультета международных отношений МГИМО МИД России, обучающихся по направлению "Зарубежное регионоведение"
_fС. И. Лизогуб
_gпод редакцией кандидата исторических наук Л. В. Ларионовой
_gФедеральное государственное автономное образовательное учреждение высшего образования "Московский государственный институт международных отношений (университет) Министерства иностранных дел Российской Федерации", Кафедра китайского, вьетнамского, тайского и лаосского языков
203 _aТекст
_bвизуальный
_cнепосредственный
210 _aМосква
_cМГИМО-Университет
_d2023
215 _a167, [1] с.
_d29
300 _aДанные тит. c. также лаос.
300 _aТекст рус., лаос.
606 1 _aЛаосский язык
_jУчебные издания для высших учебных заведений
_xПеревод
_xРусский язык
_92684463
_3RU\NLR\AUTH\6601762093
606 1 _aРусский язык
_jУчебные издания для высших учебных заведений
_xПеревод
_xЛаосский язык
_92684464
_3RU\NLR\AUTH\6601762094
686 1 _aШ173.12-93рус3-77
686 1 _aШ141.12-77я7
700 1 _aЛизогуб
_bС. И.
_gСергей Иванович
942 _cBOOK
980 _aNB